000
00230nam a2200097Ia 4500
008
240331s9999 xx 000 0 und d
082
_b
ILA
100
_a
Sarvanandan,M. ed
245
0
_a
Ilangei lpurladara seerthiruthangal
942
_c
L
999
_c
4967
_d
4967